000 01474cam a2200505 4500
008 040621n2003 000 0 eng u
020 _a0300095953
035 _a(Sirsi) u126524
041 _aeng
050 _a720.94212
_c18
100 _aBradley, Simon
245 _aLondon 6
_bWestminster
260 _aLondon
_bYale University Press
_c2003
300 _axxi, 872p.
_bill.
_c22cm.
350 _a29.95
490 _aBuildings of England
520 _aFor each area there is a detailed gazetteer and an historical introduction. A general introduction provides an historical overview. This volume includes a description of 11 and 12 Great George Street. Numerous maps plans and photographs.
590 _aGGS
650 _aARCHITECTURE
650 _aWESTMINSTER
650 _aWHITEHALL
650 _aSTRAND
650 _aCOVENT GARDEN
650 _aTRAFALGAR SQUARE
650 _aSOHO
650 _aREGENT STREET
650 _aOXFORD STREET
650 _aMAYFAIR
650 _aPICCADILLY
650 _aST JAMES'S
650 _aBUCKINGHAM PALACE
650 _aROYAL PARKS
650 _aVICTORIA
650 _aBELGRAVIA
650 _aPIMLICO
650 _a11 GREAT GEORGE STREET
650 _a12 GREAT GEORGE STREET
650 _aALFRED WATERHOUSE
650 _aPAUL WATERHOUSE
650 _aLASDUN SIR DENYS
650 _aROLFE JUDD GROUP
690 _aBUILT ENVIRONMENT
700 _aPevsner, Nikolaus
942 _n0
999 _c103626
_d103626